000 00488nam a22001817a 4500
005 20220121111708.0
008 180424b ||||| |||| 00| 0 eng d
020 _a9789339223199
040 _cSMME
082 _a621.4022 CEN
100 _aCengel, Yunus A.
_988555
245 _aHeat and Mass Transfer /
_cYunus A. Cengel
250 _a5th ed.
260 _aNew Delhi :
_bMcGraw Hill,
_c2016.
300 _a944 p. ;
_c24 cm.
500 _aPaperback.
942 _2ddc
_cBK
_k621.4022 CEN
999 _c478226
_d478226